Análisis del impácto de la inflación en la evaluación de proyectos de inversión (Registro nro. 23857)
[ vista simple ]
| 000 -LEADER | |
|---|---|
| fixed length control field | 00380 a2200109 4500 |
| 001 - CONTROL NUMBER | |
| control field | ART_9737 |
| 005 - DATE AND TIME OF LATEST TRANSACTION | |
| control field | 20260410161838.0 |
| 008 - FIXED-LENGTH DATA ELEMENTS--GENERAL INFORMATION | |
| fixed length control field | 260409a |
| 100 1# - MAIN ENTRY--PERSONAL NAME | |
| Personal name | Wajchman, Mauricio |
| 245 10 - TITLE STATEMENT | |
| Title | Análisis del impácto de la inflación en la evaluación de proyectos de inversión |
| 773 0# - HOST ITEM ENTRY | |
| Title | Contabilidad y administración |
| Related parts | - Año 6, Nº 67 (ene. 1983) |
| Record control number | REV5485 |
No hay ítems disponibles.